Т. 3 : Электричество и магнетизм. Атомы и ядра; Физика для любознательных

গ্রন্থ-পঞ্জীর বিবরন
Parent link:Физика для любознательных: в 3-х т./ Э. М. Роджерс. Т. 3 : Электричество и магнетизм. Атомы и ядра.— , 1971
ভাষা:রুশ
প্রকাশিত: 1971
বিষয়গুলি:
বিন্যাস: গ্রন্থ
KOHA link:https://koha.lib.tpu.ru/cgi-bin/koha/opac-detail.pl?biblionumber=32688

MARC

LEADER 00000nam0a2200000 4500
001 32688
005 20231101210117.0
035 |a (RuTPU)RU\TPU\book\32989 
035 |a BOOK00000041 
090 |a 32688 
100 |a 20011210d1971 km y0rusy50 ca 
101 1 |a rus  |c eng 
102 |a RU 
105 |a a z 000zy 
200 0 |a Т. 3 : Электричество и магнетизм. Атомы и ядра 
210 |d 1971 
215 |a 664 с.  |c ил. 
461 |t Физика для любознательных  |o в 3-х т.  |f Э. М. Роджерс  |v Т. 3 : Электричество и магнетизм. Атомы и ядра  |o пер. с англ.  |d 1971 
606 |a Физика  |2 stltpush  |3 (RuTPU)RU\TPU\subj\63709  |9 80688 
606 |a Электричество и магнетизм  |2 stltpush  |3 (RuTPU)RU\TPU\subj\71197  |9 85222 
606 |a Атомы  |2 stltpush  |3 (RuTPU)RU\TPU\subj\29791  |9 53053 
610 1 |a магнетизм 
610 1 |a электричество 
610 1 |a ядра 
610 1 |a химия 
610 1 |a электролиз 
610 1 |a электроны 
610 1 |a магнитные катапульты 
610 1 |a радиоактивность 
610 1 |a ускорители 
610 1 |a ядерная физика 
610 1 |a эксперименты 
675 |a 53  |v 3 
675 |a 537  |v 3 
675 |a 539.183  |v 3 
801 0 |a RU  |b 63413507  |c 20011210  |g PSBO 
801 2 |a RU  |b 63413507  |c 20150916  |g PSBO 
942 |c BK